| 000 | 00638cam a22002293a 4500 | ||
|---|---|---|---|
| 001 | 11464 | ||
| 003 | PGUSA | ||
| 005 | 20140828083237.0 | ||
| 008 | 040301s2004||||xxu|||||s|||||000 | eng d | ||
| 040 |
_aPGUSA _beng |
||
| 042 | _adc | ||
| 050 | 4 | _aF1751 | |
| 100 | 1 |
_aRobinson, Albert G. _q(Albert Gardner), _d1855-1932 |
|
| 245 | 1 | 0 |
_aCuba, Old and New _h[electronic resource] / _cAlbert G. Robinson |
| 260 |
_bProject Gutenberg, _c2004 |
||
| 506 | _aPublic domain in the USA. | ||
| 516 | _aElectronic text | ||
| 653 | _aCuba | ||
| 830 | 0 |
_aProject Gutenberg _v11464 |
|
| 856 | 4 | 0 | _uhttp://www.gutenberg.org/ebooks/11464 |
| 942 | _cEB | ||
| 999 |
_c240719 _d240719 |
||